[Event "CHN-ch (Women)"]
[Site "Xinghua"]
[Date "2025.07.02"]
[Round "10"]
[White "Xue, Shixuan"]
[Black "Wang, Xiaoyan"]
[Result "1/2-1/2"]
[WhiteElo "1885"]
[BlackElo "1921"]
[PlyCount "66"]
[EventDate "2025.06.23"]
[EventType "swiss"]
[EventRounds "11"]
[EventCountry "CHN"]
[SourceTitle "CB28_2025"]
[SourceDate "2025.07.09"]
[SourceVersion "1"]
[SourceVersionDate "2025.07.09"]
[SourceQuality "1"]

1. e4 c5 2. Nf3 d6 3. d4 cxd4 4. Nxd4 Nf6 5. Nc3 g6 6. Be3 Bg7 7. Be2 0-0 8. 0-0 Nc6 9. h3 d5 10. exd5 Nxd5 11. Nxd5 Nxd4 12. Bxd4 Qxd5 13. Bxg7 Qxd1 14. Rfxd1 Kxg7 15. Bf3 Bf5 16. c4 Rac8 17. b3 b6 18. Rd2 Rfd8 19. Rad1 Rxd2 20. Rxd2 e5 21. Bg4 Bxg4 22. hxg4 Rc7 23. Kf1 Kf6 24. Ke2 Kg5 25. Rd5 Kxg4 26. Rxe5 Kf4 27. Rd5 Re7+ 28. Kd2 h5 29. b4 g5 30. c5 bxc5 31. bxc5 f5 32. c6 Rc7 33. Rd6 Ke5 1/2-1/2

[Event "CHN-ch (Women)"]
[Site "Xinghua"]
[Date "2025.06.27"]
[Round "5"]
[White "Yang, Yijing"]
[Black "Wang, Xiaoyan"]
[Result "0-1"]
[WhiteElo "2066"]
[BlackElo "1921"]
[PlyCount "110"]
[EventDate "2025.06.23"]
[EventType "swiss"]
[EventRounds "11"]
[EventCountry "CHN"]
[SourceTitle "CB28_2025"]
[SourceDate "2025.07.09"]
[SourceVersion "1"]
[SourceVersionDate "2025.07.09"]
[SourceQuality "1"]

1. d4 Nf6 2. Nf3 g6 3. g3 Bg7 4. Bg2 d5 5. 0-0 Ne4 6. c4 c6 7. a4 0-0 8. a5 dxc4 9. Qc2 Nd6 10. e4 Nb5 11. Be3 Nxd4 12. Nxd4 Bxd4 13. Rd1 c5 14. Qxc4 Bg4 15. Bxd4 Bxd1 16. Qxc5 Bg4 17. Nc3 Na6 18. Qd5 Nb4 19. Qxd8 Rfxd8 20. Bc5 Nc6 21. Nd5 Rd7 22. b4 Be6 23. Re1 Rc8 24. f4 f5 25. b5 Bxd5 26. exd5 Nxa5 27. Bxe7 Re8 28. Bb4 Rxe1+ 29. Bxe1 Nc4 30. Kf2 Nd6 31. Bf1 Kf8 32. Bb4 Ke8 33. Ke3 Re7+ 34. Kd4 Re4+ 35. Kc3 Kd7 36. Bd3 Re1 37. Kd4 Rh1 38. Ke5 Ne4 39. b6 a6 40. Bc2 Ra1 41. g4 a5 42. Bf8 Ke8 43. Bg7 Kf7 44. Bh6 Nf6 45. gxf5 Ng4+ 46. Kd6 Nxh6 47. fxg6+ hxg6 48. Bd3 Nf5+ 49. Kc7 Rc1+ 50. Kxb7 Nd6+ 51. Ka6 a4 52. b7 Nxb7 53. Kxb7 a3 54. d6 a2 55. d7 Ke7 0-1

[Event "CHN-ch (Women)"]
[Site "Xinghua"]
[Date "2025.06.23"]
[Round "1"]
[White "Niu, Shuo"]
[Black "Wang, Xiaoyan"]
[Result "0-1"]
[WhiteElo "1639"]
[BlackElo "1921"]
[PlyCount "98"]
[EventDate "2025.06.23"]
[EventType "swiss"]
[EventRounds "11"]
[EventCountry "CHN"]
[SourceTitle "CB28_2025"]
[SourceDate "2025.07.09"]
[SourceVersion "1"]
[SourceVersionDate "2025.07.09"]
[SourceQuality "1"]

1. e4 c5 2. c3 d5 3. exd5 Qxd5 4. d4 Nf6 5. Nf3 e6 6. Bd3 Nc6 7. 0-0 cxd4 8. cxd4 Be7 9. Nc3 Qd8 10. a3 0-0 11. Re1 b6 12. Be3 Bb7 13. h3 Rc8 14. Rc1 Nd5 15. Nxd5 Qxd5 16. Bc4 Qd6 17. Be2 Bf6 18. Qd2 Rfd8 19. Red1 h6 20. b4 Ne7 21. Bf4 Qd5 22. Rxc8 Rxc8 23. Be3 Qb3 24. Ra1 Nf5 25. Ne5 Rc2 26. Qd3 Qb2 27. Re1 Nxe3 28. fxe3 Bxe5 29. dxe5 Rd2 30. Qb5 Bd5 31. Qe8+ Kh7 32. Qxf7 Rxe2 33. Rxe2 Qxe2 34. Qf2 Qxf2+ 35. Kxf2 Kg6 36. g4 h5 37. Kg3 hxg4 38. Kxg4 Bc4 39. h4 Kh6 40. Kg3 Kh5 41. Kh3 Bd3 42. Kg3 Bf5 43. Kf2 Kxh4 44. Kg2 g5 45. Kf2 Kh3 46. Kg1 Kg3 47. Kf1 Kh2 48. Kf2 g4 49. Kf1 g3 0-1

[Event "CHN-ch Gp-B (Women)"]
[Site "Liaocheng"]
[Date "2024.04.23"]
[Round "6"]
[White "Wang, Chuqiao"]
[Black "Wang, Xiaoyan"]
[Result "1-0"]
[WhiteElo "2302"]
[BlackElo "1932"]
[PlyCount "145"]
[EventDate "2024.04.21"]
[EventType "swiss"]
[EventRounds "11"]
[EventCountry "CHN"]
[SourceTitle "CBM 219 Extra"]
[Source "ChessBase"]
[SourceDate "2024.05.31"]
[SourceVersion "1"]
[SourceVersionDate "2024.05.31"]
[SourceQuality "1"]

1. d4 Nf6 2. c4 g6 3. g3 Bg7 4. Bg2 d6 5. Nf3 0-0 6. 0-0 Nc6 7. Nc3 a6 8. Bf4 Rb8 9. Rc1 Nh5 10. Be3 e5 11. b3 Re8 12. dxe5 Nxe5 13. Nxe5 Bxe5 14. Ba7 Ra8 15. Bd4 c6 16. Bxe5 dxe5 17. Qxd8 Rxd8 18. Rfd1 Be6 19. Na4 Rxd1+ 20. Rxd1 Rb8 21. Nc5 Nf6 22. Rd6 Ne8 23. Rd3 Nc7 24. h4 Kf8 25. Re3 b6 26. Nxe6+ Nxe6 27. Bxc6 Nd4 28. Bd5 f6 29. Kf1 a5 30. Rc3 Rc8 31. e3 Nb5 32. Rd3 Nd6 33. Ke2 Ke7 34. Rd1 Rc5 35. a3 Rc7 36. Rc1 f5 37. f3 Ne8 38. e4 Nf6 39. Rb1 Kd6 40. Kd3 Nh5 41. Rg1 Rd7 42. Kc3 Ra7 43. Kd2 f4 44. g4 Ng3 45. Rd1 g5 46. h5 Kc5 47. Ke1 Rd7 48. h6 Rd6 49. Bb7 Rxd1+ 50. Kxd1 Kd4 51. Kd2 Nf1+ 52. Ke2 Ne3 53. Bd5 Kc3 54. Bg8 Nc2 55. Bxh7 Nd4+ 56. Kd1 Ne6 57. Bg8 Nf8 58. Ke2 Ng6 59. h7 Nh8 60. Kd1 Ng6 61. Kc1 Nh8 62. Kb1 Ng6 63. Ka2 Nh8 64. Be6 Ng6 65. Bf7 Nh8 66. Be8 Kd4 67. Kb2 Ke3 68. b4 Kxf3 69. c5 bxc5 70. bxc5 Kxe4 71. c6 f3 72. c7 f2 73. Bb5 1-0

[Event "CHN-ch Gp-B (Women)"]
[Site "Liaocheng"]
[Date "2024.04.23"]
[Round "5"]
[White "Wang, Xiaoyan"]
[Black "Zhou, Shumeng"]
[Result "1/2-1/2"]
[WhiteElo "1932"]
[BlackElo "1800"]
[PlyCount "136"]
[EventDate "2024.04.21"]
[EventType "swiss"]
[EventRounds "11"]
[EventCountry "CHN"]
[SourceTitle "CBM 219 Extra"]
[Source "ChessBase"]
[SourceDate "2024.05.31"]
[SourceVersion "1"]
[SourceVersionDate "2024.05.31"]
[SourceQuality "1"]

1. d4 d5 2. c4 e6 3. Nc3 Nf6 4. cxd5 exd5 5. Bg5 c6 6. e3 Be7 7. Bd3 h6 8. Bh4 0-0 9. Qc2 Re8 10. Nge2 Nbd7 11. 0-0 Nh5 12. Ng3 Bxh4 13. Nxh5 Nf8 14. Nf4 Ne6 15. Nxe6 Bxe6 16. b4 Qd6 17. Rab1 Bd8 18. b5 c5 19. dxc5 Qxc5 20. Ne2 Qxc2 21. Bxc2 d4 22. Nxd4 Bxa2 23. Ra1 Bc4 24. Rfc1 Bb6 25. Bh7+ Kxh7 26. Rxc4 Re5 27. Rb1 Rd8 28. g3 Rdd5 29. Rcb4 Re4 30. Ra4 Ree5 31. Rab4 Bc5 32. Ra4 Bxd4 33. exd4 Rxb5 34. Rd1 Red5 35. Rxa7 Rb2 36. Rc1 Rf5 37. Rf1 Kg6 38. f3 Rh5 39. h4 Kf6 40. Rf2 Rhb5 41. Ra8 Rb1+ 42. Kg2 Rd1 43. Ra4 Rbb1 44. Re2 Rg1+ 45. Kh3 h5 46. Ra5 g6 47. Rd5 Rb3 48. Rd6+ Kg7 49. Rf2 Rd1 50. Kg2 Rb4 51. d5 Rb5 52. Rd7 Rdxd5 53. Rc7 Rb1 54. Re2 b5 55. Rb7 b4 56. g4 hxg4 57. fxg4 Rd4 58. Rf2 Rxg4+ 59. Kh3 Rc4 60. Rfxf7+ Kg8 61. Rg7+ Kf8 62. Rxg6 Rh1+ 63. Kg2 Rhxh4 64. Ra6 Rhg4+ 65. Kf3 Rgf4+ 66. Ke3 Rfe4+ 67. Kd3 Red4+ 68. Ke3 Re4+ 1/2-1/2

[Event "CHN-ch Gp-B (Women)"]
[Site "Liaocheng"]
[Date "2024.04.22"]
[Round "4"]
[White "Wang, Shunshun"]
[Black "Wang, Xiaoyan"]
[Result "0-1"]
[WhiteElo "1763"]
[BlackElo "1932"]
[PlyCount "60"]
[EventDate "2024.04.21"]
[EventType "swiss"]
[EventRounds "11"]
[EventCountry "CHN"]
[SourceTitle "CBM 219 Extra"]
[Source "ChessBase"]
[SourceDate "2024.05.31"]
[SourceVersion "1"]
[SourceVersionDate "2024.05.31"]
[SourceQuality "1"]

1. d4 Nf6 2. c4 g6 3. Nc3 Bg7 4. e4 d6 5. h3 0-0 6. Be3 e5 7. d5 a5 8. g4 Na6 9. Nge2 c6 10. Qd2 cxd5 11. cxd5 b5 12. f3 Bd7 13. Ng3 b4 14. Nce2 Nc5 15. h4 Bb5 16. Nc1 Bxf1 17. Kxf1 h5 18. gxh5 Nxh5 19. Nxh5 gxh5 20. Rg1 f5 21. Bh6 Ra7 22. Bxg7 Rxg7 23. Qh6 Rxg1+ 24. Kxg1 Rf7 25. Qxh5 fxe4 26. Ne2 Rh7 27. Qf5 Rg7+ 28. Kf1 Qxh4 29. Ng1 e3 30. Nh3 Qc4+ 0-1

[Event "CHN-ch U20 Girls"]
[Site "Shanghai"]
[Date "2024.02.18"]
[Round "6"]
[White "Wang, Xiaoyan"]
[Black "Ding, Shirui"]
[Result "1/2-1/2"]
[WhiteElo "1926"]
[BlackElo "1491"]
[PlyCount "40"]
[EventDate "2024.02.16"]
[EventType "swiss"]
[EventRounds "11"]
[EventCountry "CHN"]
[SourceTitle "CBM 218 Extra"]
[Source "ChessBase"]
[SourceDate "2024.03.31"]
[SourceVersion "1"]
[SourceVersionDate "2024.03.31"]
[SourceQuality "1"]

1. d4 Nf6 2. c4 g6 3. Nc3 d5 4. cxd5 Nxd5 5. e4 Nxc3 6. bxc3 Bg7 7. Bc4 c5 8. Ne2 Nc6 9. Be3 cxd4 10. cxd4 Qa5+ 11. Bd2 Qc7 12. Bc3 0-0 13. Rc1 Qb6 14. 0-0 Bg4 15. f3 Bd7 16. Kh1 Rac8 17. Qd2 a6 18. Bb3 Qa7 19. f4 Bg4 20. d5 Bxe2 1/2-1/2

[Event "CHN-ch U20 Girls"]
[Site "Shenzhen"]
[Date "2023.07.31"]
[Round "7"]
[White "Jiang, Tiantian"]
[Black "Wang, Xiaoyan"]
[Result "0-1"]
[WhiteElo "1689"]
[BlackElo "1908"]
[PlyCount "58"]
[EventDate "2023.07.28"]
[EventType "swiss"]
[EventRounds "11"]
[EventCountry "CHN"]
[SourceTitle "CBM 215 Extra"]
[Source "ChessBase"]
[SourceDate "2023.09.30"]
[SourceVersion "1"]
[SourceVersionDate "2023.09.30"]
[SourceQuality "1"]

1. Nf3 Nf6 2. g3 c5 3. Bg2 Nc6 4. d4 cxd4 5. Nxd4 g6 6. Nxc6 bxc6 7. 0-0 Bg7 8. c4 0-0 9. Nc3 a5 10. Qc2 Ba6 11. Na4 d5 12. c5 Nd7 13. Rd1 Rb8 14. e4 d4 15. Bf1 Bb5 16. Rb1 Qc7 17. Bd2 Bxa4 18. Qxa4 Nxc5 19. Qxa5 Qxa5 20. Bxa5 Nxe4 21. Re1 f5 22. Bd3 Ra8 23. Bb4 Bf6 24. Bxe4 fxe4 25. a3 Rfc8 26. Rxe4 c5 27. Be1 Rcb8 28. Re2 Rxa3 29. Rc2 d3 0-1

[Event "CHN-ch U20 Girls"]
[Site "Shenzhen"]
[Date "2023.07.29"]
[Round "3"]
[White "Wang, Xiaoyan"]
[Black "Cai, Youyang"]
[Result "1-0"]
[WhiteElo "1908"]
[BlackElo "2011"]
[PlyCount "163"]
[EventDate "2023.07.28"]
[EventType "swiss"]
[EventRounds "11"]
[EventCountry "CHN"]
[SourceTitle "CBM 215 Extra"]
[Source "ChessBase"]
[SourceDate "2023.09.30"]
[SourceVersion "1"]
[SourceVersionDate "2023.09.30"]
[SourceQuality "1"]

1. d4 d5 2. c4 c6 3. Nf3 Nf6 4. Nc3 dxc4 5. a4 Bf5 6. e3 e6 7. Bxc4 Bb4 8. 0-0 0-0 9. Qe2 Nbd7 10. e4 Bg6 11. Bd3 Bh5 12. Bf4 Be7 13. Rfd1 Re8 14. h3 a6 15. a5 Bb4 16. g4 Bg6 17. e5 Nd5 18. Nxd5 cxd5 19. Bd2 Bxd2 20. Qxd2 Nb8 21. Ne1 Nc6 22. Bxg6 hxg6 23. b4 Rc8 24. Ra3 Qe7 25. Rb3 Qh4 26. Kg2 Qd8 27. Nf3 Na7 28. Rc3 Rc4 29. Rxc4 dxc4 30. d5 exd5 31. Qxd5 Qxd5 32. Rxd5 Rc8 33. Ne1 Nb5 34. Nc2 Kf8 35. f4 Ke7 36. Rd2 c3 37. Rd3 Rc4 38. Kf3 Nc7 39. Rd4 Rc6 40. h4 Nb5 41. Rd3 Rc4 42. Ke3 Rc8 43. Ke4 Rh8 44. Rh3 Rd8 45. Rd3 Rc8 46. Kf3 Ke6 47. Ke4 Rc6 48. Kf3 Ke7 49. Ke4 Nc7 50. Ke3 Ne6 51. f5 gxf5 52. gxf5 Nc7 53. Rd4 g6 54. Kf4 Nb5 55. Re4 gxf5 56. Kxf5 Rh6 57. Rf4 Rh5+ 58. Ke4 Rh8 59. Ne3 Rc8 60. Rf1 c2 61. Rc1 Na3 62. h5 Ke6 63. h6 Rh8 64. Rh1 c1Q 65. Rxc1 Rxh6 66. Nf5 Rg6 67. Nd4+ Kd7 68. Kd5 Rg4 69. Rf1 Ke8 70. Rh1 Kd7 71. Rh7 Ke8 72. Rh8+ Kd7 73. Rf8 Rf4 74. Kc5 Nb1 75. e6+ Ke7 76. Rxf7+ Rxf7 77. exf7 Kxf7 78. Kb6 Nc3 79. Kxb7 Nd5 80. b5 axb5 81. a6 b4 82. a7 1-0

[Event "CHN-ch U20 Girls"]
[Site "Shenzhen"]
[Date "2023.07.28"]
[Round "1"]
[White "Zhou, Lanqier"]
[Black "Wang, Xiaoyan"]
[Result "0-1"]
[WhiteElo "1384"]
[BlackElo "1908"]
[PlyCount "60"]
[EventDate "2023.07.28"]
[EventType "swiss"]
[EventRounds "11"]
[EventCountry "CHN"]
[SourceTitle "CBM 215 Extra"]
[Source "ChessBase"]
[SourceDate "2023.09.30"]
[SourceVersion "1"]
[SourceVersionDate "2023.09.30"]
[SourceQuality "1"]

1. d4 Nf6 2. c4 g6 3. Nc3 Bg7 4. e4 d6 5. Nf3 0-0 6. Be2 e5 7. 0-0 Nc6 8. d5 Ne7 9. Ne1 Nd7 10. Be3 f5 11. f3 f4 12. Bf2 g5 13. b4 Ng6 14. c5 Nf6 15. cxd6 cxd6 16. Nb5 a6 17. Na7 g4 18. Nxc8 Rxc8 19. Rc1 g3 20. hxg3 fxg3 21. Bxg3 Bh6 22. Rxc8 Qxc8 23. Nd3 Nh5 24. Be1 Ngf4 25. Nxf4 Nxf4 26. Bd2 Rf7 27. Kf2 Rg7 28. g3 Qh3 29. Bxf4 exf4 30. g4 Qg3# 0-1

[Event "CHN-chB (Women)"]
[Site "Qiziwan"]
[Date "2023.02.01"]
[Round "5"]
[White "Wang, Xiaoyan"]
[Black "Chen, Jinyan"]
[Result "1-0"]
[WhiteElo "1929"]
[BlackElo "1528"]
[PlyCount "101"]
[EventDate "2023.01.30"]
[EventType "swiss"]
[EventRounds "11"]
[EventCountry "CHN"]
[SourceTitle "CBM 212 Extra"]
[Source "ChessBase"]
[SourceDate "2023.03.31"]
[SourceVersion "1"]
[SourceVersionDate "2023.03.31"]
[SourceQuality "1"]

1. d4 d5 2. c4 c6 3. Nf3 Nf6 4. Nc3 dxc4 5. a4 Bf5 6. e3 e6 7. Bxc4 Bb4 8. 0-0 0-0 9. Ne5 Nbd7 10. Nd3 Bd6 11. f4 c5 12. b3 cxd4 13. Nb5 Be7 14. Nxd4 Nb6 15. Ne5 Nxc4 16. Nxc4 Bc5 17. Bb2 Qe7 18. Rc1 Rac8 19. Qe2 b6 20. h3 Be4 21. f5 Bxd4 22. exd4 Bd5 23. Qe3 Bxc4 24. bxc4 Rfe8 25. fxe6 Qxe6 26. Qxe6 Rxe6 27. d5 Re4 28. Rfe1 h6 29. Bxf6 Rxe1+ 30. Rxe1 gxf6 31. Rc1 Kf8 32. Kf2 Re8 33. Kf3 Re5 34. a5 Re8 35. axb6 axb6 36. Rb1 Rc8 37. Rb4 Ke7 38. Ke4 Kd7 39. Kd4 Kc7 40. Rb2 Rg8 41. Rf2 Rg6 42. g4 h5 43. gxh5 Rh6 44. Rf5 Kd6 45. h4 Ke7 46. Kc3 Rh8 47. Kb4 Rc8 48. h6 Rh8 49. Kb5 Rxh6 50. h5 Rh8 51. Kxb6 1-0

[Event "CHN-chB (Women)"]
[Site "Qiziwan"]
[Date "2023.01.31"]
[Round "4"]
[White "Zhang, Xiao"]
[Black "Wang, Xiaoyan"]
[Result "1-0"]
[WhiteElo "2070"]
[BlackElo "1929"]
[PlyCount "123"]
[EventDate "2023.01.30"]
[EventType "swiss"]
[EventRounds "11"]
[EventCountry "CHN"]
[SourceTitle "CBM 212 Extra"]
[Source "ChessBase"]
[SourceDate "2023.03.31"]
[SourceVersion "1"]
[SourceVersionDate "2023.03.31"]
[SourceQuality "1"]

1. d4 Nf6 2. c4 g6 3. Nc3 Bg7 4. e4 d6 5. Be2 0-0 6. Nf3 e5 7. 0-0 Nbd7 8. Be3 Ng4 9. Bg5 f6 10. Bc1 Nh6 11. c5 exd4 12. Nxd4 Ne5 13. Qb3+ Nhf7 14. cxd6 cxd6 15. Rd1 Nc6 16. Ndb5 Kh8 17. Bf4 Nce5 18. Qa3 Be6 19. Nxd6 Qe7 20. Nxf7+ Qxf7 21. Bxe5 fxe5 22. Qc5 Rfc8 23. Qe3 Bf8 24. Qg5 Qg7 25. Rd3 Bc5 26. Rad1 Bd4 27. Bg4 Bxg4 28. Qxg4 Rf8 29. Rf3 Rxf3 30. gxf3 h5 31. Qh3 Rf8 32. Kg2 Qf6 33. Nd5 Qa6 34. Rd2 Qc6 35. Qg3 g5 36. Qxg5 Rf7 37. Ne7 Rxe7 38. Qxe7 Qg6+ 39. Kf1 Qa6+ 40. Kg2 Qxa2 41. Qf6+ Kh7 42. Rc2 Qg8+ 43. Kh3 Qg7 44. Qxg7+ Kxg7 45. Kg3 Kf6 46. f4 exf4+ 47. Kxf4 Be5+ 48. Ke3 Bxh2 49. f4 Bg1+ 50. Kf3 a5 51. e5+ Kf5 52. Rg2 Bd4 53. Rg5+ Ke6 54. Rg6+ Kf7 55. Rh6 Bxb2 56. Rb6 Bc3 57. Rxb7+ Kg6 58. Ke4 h4 59. f5+ Kh6 60. e6 h3 61. e7 h2 62. Rb1 1-0

[Event "CHN-chB (Women)"]
[Site "Hangzhou"]
[Date "2019.07.07"]
[Round "11"]
[White "Wang, Xiaoyan"]
[Black "Jiang, Zhaoyi"]
[Result "0-1"]
[WhiteElo "1899"]
[BlackElo "1931"]
[PlyCount "72"]
[EventDate "2019.07.02"]
[EventType "swiss"]
[EventRounds "11"]
[EventCountry "CHN"]
[SourceTitle "CBM 191 Extra"]
[Source "ChessBase"]
[SourceDate "2019.09.30"]
[SourceVersion "1"]
[SourceVersionDate "2019.09.30"]
[SourceQuality "1"]

1. d4 f5 2. c4 e6 3. Nc3 d5 4. e3 Nf6 5. Nf3 c6 6. Bd3 Bd6 7. 0-0 0-0 8. Ne2 Qe7 9. Qc2 b6 10. b3 Bb7 11. Nf4 Ne4 12. Ne5 Nd7 13. Nxd7 Qxd7 14. f3 Nf6 15. c5 Bc7 16. Bb2 g6 17. Ne2 bxc5 18. dxc5 e5 19. e4 fxe4 20. fxe4 Ng4 21. Qd2 Qe7 22. b4 d4 23. Bc4+ Kg7 24. Qd3 Rad8 25. h3 Ne3 26. Rxf8 Rxf8 27. Nxd4 Nxc4 28. Qxc4 exd4 29. Qxd4+ Kf7 30. e5 Bc8 31. e6+ Ke8 32. Qe4 Qxe6 33. Qh4 Qe3+ 34. Kh1 Bg3 35. Qxh7 Qd3 36. Kg1 Ba6 0-1

[Event "CHN-chB (Women)"]
[Site "Hangzhou"]
[Date "2019.07.06"]
[Round "9"]
[White "Wang, Xiaoyan"]
[Black "Li, Lewei"]
[Result "1-0"]
[WhiteElo "1899"]
[BlackElo "1618"]
[PlyCount "77"]
[EventDate "2019.07.02"]
[EventType "swiss"]
[EventRounds "11"]
[EventCountry "CHN"]
[SourceTitle "CBM 191 Extra"]
[Source "ChessBase"]
[SourceDate "2019.09.30"]
[SourceVersion "1"]
[SourceVersionDate "2019.09.30"]
[SourceQuality "1"]

1. d4 Nf6 2. c4 c5 3. d5 g6 4. Nc3 Bg7 5. e4 d6 6. Nf3 0-0 7. Be2 e6 8. 0-0 Re8 9. dxe6 Bxe6 10. Bf4 Qb6 11. Qc2 Nh5 12. Be3 Nc6 13. Rad1 Rad8 14. Bg5 Rd7 15. Nb5 Nb4 16. Qa4 Bxb2 17. a3 a6 18. Nxd6 Rb8 19. axb4 Rxd6 20. bxc5 Qc6 21. Qb4 Rxd1 22. Rxd1 Bg7 23. Rd6 Qc7 24. Nd4 Bd7 25. Bxh5 gxh5 26. Nf5 Bxf5 27. exf5 Be5 28. Rd5 Bxh2+ 29. Kh1 Bf4 30. f6 h6 31. Bh4 Be5 32. Qd2 Bf4 33. Qe2 Rd8 34. Qe7 Rf8 35. g3 Qa5 36. gxf4 Qa1+ 37. Kg2 Qb1 38. Qxf8+ Kxf8 39. Rd8# 1-0

[Event "CHN-chB (Women)"]
[Site "Hangzhou"]
[Date "2019.07.04"]
[Round "5"]
[White "Wang, Xiaoyan"]
[Black "Yuan, Ye"]
[Result "1-0"]
[WhiteElo "1899"]
[BlackElo "2125"]
[PlyCount "139"]
[EventDate "2019.07.02"]
[EventType "swiss"]
[EventRounds "11"]
[EventCountry "CHN"]
[SourceTitle "CBM 191 Extra"]
[Source "ChessBase"]
[SourceDate "2019.09.30"]
[SourceVersion "1"]
[SourceVersionDate "2019.09.30"]
[SourceQuality "1"]

1. d4 d5 2. c4 e6 3. Nc3 c6 4. Nf3 Nf6 5. Bg5 h6 6. Bxf6 Qxf6 7. e3 Qd8 8. Bd3 Be7 9. 0-0 Nd7 10. Rc1 0-0 11. a3 a5 12. a4 f5 13. Ne2 Bd6 14. Nd2 Nf6 15. f3 e5 16. dxe5 Bxe5 17. Qb3 Kh8 18. f4 Bc7 19. c5 Ne4 20. Bxe4 fxe4 21. Nd4 Rb8 22. Qd1 Bd7 23. N2b3 b6 24. Qe2 Rf6 25. Rc2 Qg8 26. Qh5 Rbf8 27. h4 Be8 28. Qd1 g5 29. hxg5 hxg5 30. g3 Qg7 31. Rh2+ Kg8 32. Qg4 Bd7 33. f5 Rh6 34. Rxh6 Qxh6 35. Kg2 Rf7 36. Rh1 Qf6 37. Rh5 Rg7 38. Qh3 Qe5 39. Rh8+ Kf7 40. Rh6 Kg8 41. cxb6 Bxb6 42. Qh5 Kf8 43. f6 Rg8 44. Rh7 Qxf6 45. Rxd7 c5 46. Ne2 Rh8 47. Qg4 c4 48. Rxd5 Qf3+ 49. Qxf3+ exf3+ 50. Kxf3 cxb3 51. Rxg5 Ke7 52. Rb5 Bc7 53. Rxb3 Rf8+ 54. Nf4 Kd6 55. Rd3+ Kc6 56. g4 Be5 57. b3 Rg8 58. Ke4 Bd6 59. Rc3+ Kd7 60. Kf3 Bb4 61. Rd3+ Kc6 62. Nd5 Rf8+ 63. Ke4 Bc5 64. g5 Re8+ 65. Kf5 Rf8+ 66. Nf6 Be7 67. Ke6 Bd8 68. e4 Rh8 69. e5 Bc7 70. g6 1-0

[Event "CHN-chB (Women)"]
[Site "Hangzhou"]
[Date "2019.07.03"]
[Round "4"]
[White "Wang, Xiaoyan"]
[Black "Zhao, Shengxin"]
[Result "1/2-1/2"]
[WhiteElo "1899"]
[BlackElo "2166"]
[PlyCount "166"]
[EventDate "2019.07.02"]
[EventType "swiss"]
[EventRounds "11"]
[EventCountry "CHN"]
[SourceTitle "CBM 191 Extra"]
[Source "ChessBase"]
[SourceDate "2019.09.30"]
[SourceVersion "1"]
[SourceVersionDate "2019.09.30"]
[SourceQuality "1"]

1. d4 Nf6 2. c4 e6 3. Nc3 Bb4 4. Qc2 d5 5. a3 Bxc3+ 6. Qxc3 Ne4 7. Qc2 0-0 8. e3 b6 9. cxd5 exd5 10. Bd3 Ba6 11. Ne2 Bxd3 12. Qxd3 a5 13. 0-0 Re8 14. Nf4 a4 15. f3 Nf6 16. Bd2 Nc6 17. Be1 h6 18. Bf2 Na5 19. Qc3 Nb3 20. Rad1 Rc8 21. Rfe1 c5 22. dxc5 bxc5 23. e4 d4 24. Qc4 Qd7 25. e5 Na5 26. Qa2 Nh7 27. Qb1 Nc6 28. Nd3 c4 29. Nc5 Qd5 30. Nxa4 Qb5 31. b3 cxb3 32. Nb2 Rxe5 33. Rxe5 Qxe5 34. Nc4 Qc5 35. Qxb3 Rb8 36. Qd3 Rd8 37. Rb1 Nf6 38. a4 Nd5 39. Rb5 Qe7 40. Qe4 Qg5 41. Bh4 Qc1+ 42. Kf2 Ne3 43. Nxe3 dxe3+ 44. Qxe3 Rd2+ 45. Kg3 Rxg2+ 46. Kf4 g5+ 47. Bxg5 Qxe3+ 48. Kxe3 Rxg5 49. Rxg5+ hxg5 50. Ke4 f6 51. Kd5 Na5 52. Kc5 Kf7 53. Kb5 Nb3 54. Kb4 Nd4 55. Kc5 Nb3+ 56. Kb4 Nd4 57. Kc5 Nb3+ 58. Kb4 Nd4 59. Kc5 Ne6+ 60. Kb6 Ke7 61. a5 Kd7 62. a6 Nc7 63. a7 f5 64. h3 Kd6 65. Kb7 f4 66. Kb6 Nd5+ 67. Kb7 Nc7 68. Kb6 Na8+ 69. Kb7 Nc7 70. Kb6 Na8+ 71. Kb7 Kd7 72. Kb8 Kc6 73. Kc8 Nc7 74. Kb8 Kb6 75. Kc8 Na8 76. Kb8 Kc6 77. Kc8 Kd6 78. Kb7 Nc7 79. Kb6 Na8+ 80. Kb7 Kd7 81. Kb8 Kc6 82. Kc8 Nc7 83. Kb8 Kd6 1/2-1/2

[Event "Tianjin Binhai Cup 1st"]
[Site "Tianjin"]
[Date "2019.01.02"]
[Round "9"]
[White "Zhong, Kangmin"]
[Black "Wang, Xiaoyan"]
[Result "0-1"]
[WhiteElo "1825"]
[BlackElo "1943"]
[PlyCount "88"]
[EventDate "2018.12.25"]
[EventType "swiss"]
[EventRounds "9"]
[EventCountry "CHN"]
[SourceTitle "CBM 188 Extra"]
[Source "ChessBase"]
[SourceDate "2019.02.28"]
[SourceVersion "1"]
[SourceVersionDate "2019.02.28"]
[SourceQuality "1"]

1. d4 Nf6 2. Nf3 g6 3. Bf4 Bg7 4. e3 d6 5. Be2 0-0 6. Nbd2 c5 7. c3 b6 8. 0-0 Bb7 9. h3 Nbd7 10. Bh2 Rc8 11. Qa4 Qc7 12. Ba6 Bc6 13. Bb5 Bb7 14. Rfe1 a6 15. Bf1 b5 16. Qd1 e5 17. dxe5 Nxe5 18. a4 Bc6 19. Qb3 Rfd8 20. axb5 axb5 21. Red1 Rb8 22. Nxe5 dxe5 23. Nf3 Nd7 24. Ra6 Qb7 25. Rda1 c4 26. Qa3 Bf8 27. Qa5 Bxf3 28. gxf3 Nc5 29. Ra7 Qxf3 30. Bg2 Rd1+ 31. Rxd1 Qxd1+ 32. Bf1 Ne4 33. Qc7 Qf3 34. Bg2 Qxf2+ 35. Kh1 Bd6 36. Qd7 Bc5 37. Bxe4 Bxa7 38. Qxa7 Qf1+ 39. Bg1 Qxh3+ 40. Bh2 Rd8 41. Bd5 Qf1+ 42. Bg1 e4 43. Qd4 Qf3+ 44. Kh2 Qh5+ 0-1

[Event "Tianjin Binhai Cup 1st"]
[Site "Tianjin"]
[Date "2019.01.01"]
[Round "8"]
[White "Wang, Xiaoyan"]
[Black "Lu, Miaoyi"]
[Result "1-0"]
[WhiteElo "1943"]
[BlackElo "1737"]
[PlyCount "104"]
[EventDate "2018.12.25"]
[EventType "swiss"]
[EventRounds "9"]
[EventCountry "CHN"]
[SourceTitle "CBM 188 Extra"]
[Source "ChessBase"]
[SourceDate "2019.02.28"]
[SourceVersion "1"]
[SourceVersionDate "2019.02.28"]
[SourceQuality "1"]

1. d4 d5 2. c4 c6 3. Nf3 Nf6 4. Nc3 dxc4 5. a4 Bf5 6. e3 e6 7. Bxc4 Bb4 8. 0-0 Nbd7 9. Qe2 Bg6 10. Rd1 0-0 11. Bd3 Bxd3 12. Rxd3 Qa5 13. e4 e5 14. Nxe5 Nxe5 15. dxe5 Qxe5 16. f4 Qe7 17. e5 Rad8 18. Rh3 Bxc3 19. bxc3 Nd5 20. c4 Nc7 21. Ba3 c5 22. f5 Rfe8 23. Re1 Qg5 24. f6 Rd2 25. Qe4 Qg6 26. Rg3 Qxe4 27. Rxg7+ Kh8 28. Rxe4 Ne6 29. Rg3 Nd4 30. Kf1 Rd1+ 31. Kf2 Rd2+ 32. Ke1 Ra2 33. Bxc5 Ne6 34. Be3 Rxa4 35. Rh3 Nf8 36. Bh6 Ng6 37. e6 Ra6 38. Bg7+ Kg8 39. exf7+ Kxf7 40. Rxe8 Kxe8 41. Rxh7 Rc6 42. c5 a5 43. h4 a4 44. h5 Ne5 45. Rh8+ Kd7 46. Ra8 Rxc5 47. Rxa4 Nf7 48. Re4 Ng5 49. Re7+ Kd8 50. Rxb7 Ke8 51. h6 Rf5 52. Ke2 Nh7 1-0

[Event "Tianjin Binhai Cup 1st"]
[Site "Tianjin"]
[Date "2018.12.29"]
[Round "5"]
[White "Wang, Zideng"]
[Black "Wang, Xiaoyan"]
[Result "1-0"]
[WhiteElo "2068"]
[BlackElo "1943"]
[PlyCount "103"]
[EventDate "2018.12.25"]
[EventType "swiss"]
[EventRounds "9"]
[EventCountry "CHN"]
[SourceTitle "CBM 188 Extra"]
[Source "ChessBase"]
[SourceDate "2019.02.28"]
[SourceVersion "1"]
[SourceVersionDate "2019.02.28"]
[SourceQuality "1"]

1. d4 Nf6 2. c4 g6 3. Nc3 Bg7 4. e4 d6 5. Nf3 0-0 6. h3 c5 7. d5 e6 8. Bd3 exd5 9. exd5 Re8+ 10. Be3 Nh5 11. 0-0 f5 12. Bg5 Bf6 13. Bxf6 Qxf6 14. Bc2 Nd7 15. Re1 Rxe1+ 16. Qxe1 Ne5 17. Nxe5 dxe5 18. Ba4 Nf4 19. Kh2 Qg5 20. g3 Nd3 21. Qe2 e4 22. Rd1 Qf6 23. f3 f4 24. g4 exf3 25. Qe8+ Kg7 26. Rxd3 Bf5 27. g5 Qd6 28. Qxa8 f2 29. Qxb7+ Kg8 30. Qa8+ Kg7 31. Qxa7+ Kg8 32. Kg2 f1Q+ 33. Kxf1 Bxd3+ 34. Kf2 Qe5 35. Qa8+ Kg7 36. Qb7+ Kf8 37. Qc8+ Kg7 38. Qd7+ Kf8 39. Qd8+ Kf7 40. Qf6+ Qxf6 41. gxf6 Bxc4 42. d6 Kxf6 43. Ne4+ Ke6 44. d7 Ke7 45. Nd6 Bd5 46. Bb5 Kd8 47. Bc4 Bxc4 48. Nxc4 Kxd7 49. Kf3 Kc6 50. Kxf4 Kb5 51. b3 Kb4 52. Kg5 1-0